| 000 | 00495nam a2200181 i 4500 | ||
|---|---|---|---|
| 001 | 129563 | ||
| 003 | ES-MaACL | ||
| 005 | 20230906193527.0 | ||
| 007 | t| | ||
| 008 | 070626s1930 fr ||||1| fre d | ||
| 100 | 1 |
_aThibaudet, Albert. _9109918 |
|
| 245 | 1 | 0 |
_aPhysiologie de la critique / _cAlbert Thibaudet. |
| 250 | _a7ª ed. | ||
| 260 |
_aParis : _bNouvelle Revue Critique, _c1930. |
||
| 300 |
_a243 p. ; _c19 cm. |
||
| 650 |
_aCrítica literaria. _911448 |
||
| 852 |
_aES-MaACL _jB-8886 |
||
| 999 |
_c129563 _d129563 |
||